Power over me- Dermot Kennedy all lyrics - Statistics

General Stats
  • This quiz has been taken 56 times
  • The average score is 279 of 347
Answer Stats
Answer % Correct
be
100%
I
100%
i
100%
me
100%
over
100%
power
100%
you
100%
your
100%
got
98%
ever
93%
in
93%
know
93%
my
93%
the
93%
wanna
93%
are
91%
who
91%
eyes
89%
that
89%
to
89%
everything
86%
king
86%
oh
86%
want
86%
and
84%
story
84%
love
82%
for
80%
hold
77%
mind
77%
of
77%
heart
75%
on
75%
so
75%
all
73%
those
73%
no
70%
one
68%
only
68%
dark
66%
out
66%
rush
66%
resides
64%
we
64%
dear
61%
ill
61%
it
61%
like
61%
now
61%
call
59%
sing
59%
softly
59%
breath
57%
never
57%
see
57%
need
55%
times
55%
beat
50%
gonna
50%
her
50%
night
50%
remember
50%
what
50%
take
48%
come
45%
just
45%
moonlight
45%
tell
45%
thats
45%
days
43%
devil
43%
let
43%
was
43%
hate
41%
lake
41%
looked
41%
well
41%
down
39%
im
39%
were
39%
forget
36%
knows
36%
shivered
36%
taught
36%
darkness
34%
lesson
30%
going
27%
they
27%
around
25%
shone
25%
hide
23%
away
20%
doubt
20%
can
16%
decide
14%
outrunning
11%
poer
5%
low
0%
stand
0%
wanr
0%
No matching quizzes found
Score Distribution
Percent of People with Each Score
Percentile by Number Answered
Your Score History
You have not taken this quiz